[Event "68th Warsaw-ch-A 2019"]
[Site "Warsaw"]
[Date "2019.11.14"]
[Round "3.1"]
[White "Paprocki, Jaroslaw"]
[Black "Jarmula, Lukasz"]
[Result "0-1"]
[WhiteElo "2184"]
[BlackElo "2466"]
[Annotator "TA"]
[PlyCount "100"]
[EventDate "2019.11.14"]
[EventType "swiss"]
[EventCountry "POL"]
[SourceTitle "playchess.com"]
[Source "ChessBase"]
[SourceQuality "1"]

{[%evp 14,100,5,-39,-35,-35,-36,-44,-46,-65,-37,-43,-29,-50,-44,-58,-52,-43,-38,-43,-41,-45,-45,-48,-43,-44,-46,-57,-57,-56,-39,-47,-29,-55,-53,-64,-26,-34,-26,-48,-48,-56,-50,-54,-52,-33,-47,-60,-67,-66,-64,-81,-20,-18,-36,-218,-209,-208,-199,-204,-232,-233,-212,-265,-251,-299,0,-306,-300,-314,-296,-398,-352,-743,-705,-655,-643,-596,-541,-635,-550,-708,-676,-12843,-12843,-12846,-12847,-12848,-12848]} 1. e4 e5 2. Nf3 Nc6 3. Bb5 a6 4. Bxc6 dxc6 5. d4 exd4 6. Qxd4 Qxd4 7. Nxd4 c5 8. Nb3 Be6 {C68: Ruy Lopez: Exchange Variation, sidelines} (8... f5 9. Nc3 Bd7 10. Bf4 O-O-O 11. O-O-O Ne7 12. exf5 Ng6 13. Bg3 Bd6 14. Nd5 Bc6 15. Nf4 Nxf4 16. f3 {½-½ (31) Afanasiev,N (2364)-Bocharov,I (2534) Moscow 2018}) 9. Be3 b6 10. Nc3 O-O-O {Black is slightly better.} 11. Rd1 Rxd1+ (11... Bd6 {seems wilder.} 12. Nc1 Ne7 13. N1e2 Nc6 14. b3 Kb7) 12. Kxd1 g6 $146 ({Predecessor:} 12... Nf6 13. f3 Be7 14. Ke2 Rd8 15. Rd1 Rxd1 16. Nxd1 {1-0 (47) Teufel,J (2270)-Soelch,H (2145) Wuerttemberg 2001}) 13. Kc1 Bg7 14. Ne2 Ne7 15. Bd2 Rd8 {Threatens to win with ...c4.} 16. Bc3 Bh6+ 17. Bd2 Bf8 18. Bg5 Re8 19. f3 f5 20. Ng3 h6 21. Bd2 Bg7 22. exf5 Bxf5 23. Nxf5 Nxf5 24. Re1 Kd7 25. Rxe8 Kxe8 $11 {[%mdl 4096] Endgame KBN-KBN} 26. g4 Nh4 {...c4 is the strong threat.} 27. Bf4 $1 Nxf3 28. Bxc7 Kd7 29. Bxb6 c4 30. Nd2 Nxh2 31. g5 h5 32. Kd1 Kc6 (32... Bxb2 $17 33. Nxc4 Ba1) 33. Bg1 Ng4 34. Ke2 $2 {[#]} (34. Nxc4 $15 Kd5 35. b3) 34... Bxb2 $19 35. Nxc4 Bc1 36. Kf3 Bxg5 37. Ke4 Be7 38. a4 Bb4 39. Kf4 Be7 $2 {[#]} (39... Kd5 $19 40. Nb6+ Ke6) 40. Na5+ $2 {[%mdl 8192]} (40. Ke4 $1 $11) 40... Kd5 41. c4+ Ke6 42. c5 g5+ 43. Kf3 $2 (43. Ke4) 43... Kd5 {Black is clearly winning.} 44. Nb3 Ne5+ 45. Kg2 Nd3 46. Be3 g4 47. Kg3 Nxc5 48. Bxc5 Bxc5 49. Kh4 Bf2+ 50. Kxh5 g3 {Accuracy: White = 34%, Black = 74%.} 0-1

[Event "68th Warsaw-ch-A 2019"]
[Site "Warsaw"]
[Date "2019.11.14"]
[Round "3.2"]
[White "Kozak, Antoni"]
[Black "Mis, Mieszko"]
[Result "1/2-1/2"]
[WhiteElo "2350"]
[BlackElo "2328"]
[Annotator "TA"]
[PlyCount "30"]
[EventDate "2019.11.14"]
[EventType "swiss"]
[EventCountry "POL"]
[SourceTitle "playchess.com"]
[Source "ChessBase"]
[SourceQuality "1"]

{[%evp 15,30,65,69,41,44,43,68,63,71,43,52,45,49,47,52,6,12]} 1. e4 e6 2. d4 d5 3. Nc3 dxe4 4. Nxe4 Bd7 5. Nf3 Bc6 6. Bd3 Nd7 7. O-O Bxe4 8. Bxe4 c6 9. c3 {C10: French with 3 Nc3: Unusual Black 3rd moves and 3...dxe4} (9. c4 Ngf6 10. Bd3 g6 11. b3 Bg7 12. Ba3 Bf8 13. Bb2 Bg7 14. Ba3 Bf8 15. Bb2 Bg7 16. Ba3 {½-½ (16) Shevchenko,K (2536)-Sedlak,N (2586) Warsaw 2019}) 9... Ngf6 10. Bc2 Be7 11. Qe2 {White is slightly better.} Qc7 12. Ne5 O-O 13. Bf4 $146 {Strongly threatening Ng6!} ({Predecessor:} 13. Bg5 Rfd8 14. f4 c5 15. dxc5 Qxc5+ {1-0 (38) Maki,V (2404)-Szitkey,M (2242) Dresden 2000}) 13... Nxe5 14. Bxe5 Qd8 15. Bxf6 Bxf6 1/2-1/2

[Event "68th Warsaw-ch-A 2019"]
[Site "Warsaw"]
[Date "2019.11.14"]
[Round "3.3"]
[White "Deszczynski, Adam"]
[Black "Mickiewicz, Piotr"]
[Result "1-0"]
[WhiteElo "2291"]
[BlackElo "2216"]
[Annotator "NA RC"]
[PlyCount "64"]
[EventDate "2019.11.14"]
[EventType "swiss"]
[EventCountry "POL"]
[SourceTitle "playchess.com"]
[Source "ChessBase"]
[SourceQuality "1"]
[TimeControl "5400+30"]

1. e4 {[%emt 0:00:11]} c5 {[%emt 0:00:00]} 2. Nf3 {[%emt 0:00:52]} e6 {[%emt 0:00:02]} 3. d4 {[%emt 0:05:33]} cxd4 {[%emt 0:00:07]} 4. Nxd4 {[%emt 0:00:09]} Nf6 {[%emt 0:00:06]} 5. Nc3 {[%emt 0:00:33]} d6 {[%emt 0:00:06]} 6. Be2 {[%emt 0:07:11]} a6 {[%emt 0:00:06]} 7. O-O {[%emt 0:03:02]} Qc7 {[%emt 0:00:18]} 8. f4 {[%emt 0:03:24]} Be7 {[%emt 0:01:13]} 9. Kh1 {[%emt 0:02:46]} O-O {[%emt 0:01:37]} 10. a4 {[%emt 0:12:04]} Nc6 {[%emt 0:07:27]} 11. Nb3 {[%emt 0:06:28]} b6 {[%emt 0:00:54]} 12. Be3 {[%emt 0:02:08]} Bb7 {[%emt 0:01:24]} 13. Bf3 {[%emt 0:01:46]} Rfe8 {[%emt 0:03:09]} 14. Qd2 {[%emt 0:10:41]} Rab8 {[%emt 0:07:16]} 15. g4 {[%emt 0:07:37]} d5 {[%emt 0:13:03]} 16. e5 {[%emt 0:06:28]} Nxg4 {[%emt 0:02:57]} 17. Bd4 {[%emt 0:03:35]} Nh6 {[%emt 0:01:37]} 18. Ne2 {[%emt 0:01:16]} Nf5 {[%emt 0:09:45]} 19. c3 {[%emt 0:00:32]} a5 {[%emt 0:02:38]} 20. Bg4 {[%emt 0:04:31]} Ba6 {[%emt 0:16:14]} 21. Bxf5 {[%emt 0:02:12]} exf5 {[%emt 0:00:02]} 22. Rg1 {[%emt 0:00:57]} Bxe2 {[%emt 0:06:16]} 23. Qxe2 {[%emt 0:00:15]} Nd8 {[%emt 0:07:39]} 24. Qh5 {[%emt 0:07:21]} Ne6 {[%emt 0:02:40]} 25. Qxf5 {[%emt 0:07:22]} Qc4 {[%emt 0:04:45]} 26. Nd2 {[%emt 0:01:14]} Qe2 {[%emt 0:09:26]} 27. Rg2 {[%emt 0:00:21]} Nxd4 {[%emt 0:00:03]} 28. cxd4 {[%emt 0:00:50]} Qe3 {[%emt 0:00:01]} 29. Rag1 {[%emt 0:01:55]} g6 {[%emt 0:00:22]} 30. Qg4 {[%emt 0:01:14]} Rbc8 {[%emt 0:03:08]} 31. f5 {[%emt 0:00:23]} Bb4 {[%emt 0:00:38]} 32. e6 {[%emt 0:00:35]} Rc6 1-0

[Event "68th Warsaw-ch-A 2019"]
[Site "Warsaw"]
[Date "2019.11.14"]
[Round "3.4"]
[White "Chylewski, Patryk"]
[Black "Malec, Sebastian"]
[Result "1-0"]
[WhiteElo "2348"]
[BlackElo "2069"]
[Annotator "TA"]
[PlyCount "101"]
[EventDate "2019.11.14"]
[EventType "swiss"]
[EventCountry "POL"]
[SourceTitle "playchess.com"]
[Source "ChessBase"]
[SourceQuality "1"]

{[%evp 13,100,-10,20,-9,-9,-9,-9,-16,-8,-11,-8,-11,9,-2,27,25,54,48,51,50,70,61,92,92,107,111,117,109,132,99,118,120,141,127,172,142,132,139,160,91,162,47,56,20,112,101,115,129,160,160,158,158,162,162,173,167,233,241,246,204,245,222,235,230,261,240,326,318,505,443,456,449,434,137,136,144,154,168,147,95,498,511,489,450,1435,1367,29985,29986,29999]} 1. c4 Nf6 2. Nc3 e5 3. Nf3 Nc6 4. e3 Bb4 5. Qc2 O-O 6. Nd5 Be7 7. Be2 d6 8. Nxe7+ {A28: English Opening: Four Knights Variation} Qxe7 9. d3 Nb4 $146 ({Predecessor:} 9... e4 10. dxe4 Nxe4 11. O-O Bf5 12. Qd1 Bg6 13. Nd4 a5 14. f3 Nc5 {0-1 (29) Berg,K (2420)-Stefansson,H (2450) Gausdal 1991}) 10. Qd2 {The position is equal.} c5 11. a3 Nc6 12. O-O a5 13. b3 Ne8 14. Bb2 b6 15. d4 e4 16. Ne1 $36 {[%mdl 2048] White has the initiative.} Bb7 17. f4 f5 18. Nc2 Rd8 19. b4 a4 20. Bc3 Qh4 21. d5 Ne7 22. Rab1 {aiming for bxc5.} Nc8 23. Rb2 Nf6 24. bxc5 dxc5 25. Be5 Nd7 26. Rfb1 ({Better is} 26. Bc7 $1) 26... Rde8 (26... Nxe5 $16 27. fxe5 h5) 27. Bc3 (27. Bc7 $18) 27... Nd6 28. Na1 (28. g3 $5 {[%cal Rg3h4]} Qe7 29. Qd1 $14) 28... Ba6 {[#]} (28... Qe7 $11 {keeps the balance.}) 29. Qc2 $1 $16 Ra8 ({Don't blunder} 29... Bxc4 $2 30. Be1 $18) ({Wrong is} 29... Nxc4 $2 30. Bxc4 (30. Be1 Nxe3 31. Bxh4 Nxc2 $16) 30... Bxc4 31. Be1 $18) 30. Qxa4 Bb5 31. Qc2 Ba4 32. Qc1 Ra6 33. Nb3 Rfa8 34. Nd2 g6 (34... Nc8 {was called for.} 35. Nf1 R6a7) 35. g3 $18 Qh3 36. Qe1 Kf8 37. Nf1 Ke7 38. Bg7 Rg8 39. Qc3 Ne8 40. Be5 g5 (40... Qh6 {is a better defense.} 41. g4 Qh4) 41. fxg5 Rxg5 42. Bf4 Rg6 {[#]} 43. Bd1 $2 (43. g4 $1 $18 {[%mdl 512]}) 43... Bxd1 $16 44. Rxd1 Nd6 45. Rdb1 Nf7 46. d6+ (46. a4 $142) 46... Ke6 $2 {[%mdl 8192]} (46... Nxd6 $16 47. Rd2 Nf7) 47. Qd2 $18 {Strongly threatening Qd5+.} Kf6 48. Qd5 {Black must now prevent Qb7.} Rxa3 (48... Nd8 $142 49. Rf2 Rxa3 50. Rxb6 Ra7) 49. Qb7 Nfe5 50. Bxe5+ Nxe5 51. Qe7# {Accuracy: White = 53%, Black = 21%.} 1-0

[Event "68th Warsaw-ch-A 2019"]
[Site "Warsaw"]
[Date "2019.11.14"]
[Round "3.5"]
[White "Chomczyk, Marek"]
[Black "Kaminski, Jan"]
[Result "1/2-1/2"]
[WhiteElo "2282"]
[BlackElo "2024"]
[Annotator "NA"]
[PlyCount "102"]
[EventDate "2019.11.14"]
[EventType "swiss"]
[EventCountry "POL"]
[SourceTitle "playchess.com"]
[Source "ChessBase"]
[SourceQuality "1"]
[TimeControl "5400+30"]

1. e4 {[%emt 0:00:00]} c5 {[%emt 0:00:00]} 2. Nf3 {[%emt 0:00:00]} g6 {[%emt 0:00:00]} 3. d4 {[%emt 0:00:00]} cxd4 {[%emt 0:00:00]} 4. Nxd4 {[%emt 0:00:13]} Nc6 {[%emt 0:00:00]} 5. Nc3 {[%emt 0:00:09]} Bg7 {[%emt 0:00:00]} 6. Be3 {[%emt 0:00:07]} Nf6 {[%emt 0:00:00]} 7. Bc4 {[%emt 0:00:09]} O-O {[%emt 0:00:00]} 8. Bb3 {[%emt 0:00:05]} a5 {[%emt 0:00:01]} 9. O-O {[%emt 0:00:13]} a4 {[%emt 0:00:05]} 10. Nxa4 {[%emt 0:00:11]} Nxe4 {[%emt 0:00:07]} 11. Nb5 {[%emt 0:00:07]} Ra6 {[%emt 0:00:06]} 12. c4 {[%emt 0:00:37]} d6 {[%emt 0:02:28]} 13. Qe2 {[%emt 0:00:26]} Nf6 {[%emt 0:00:37]} 14. Rad1 {[%emt 0:00:47]} Na5 {[%emt 0:05:02]} 15. Bc2 {[%emt 0:02:03]} Be6 {[%emt 0:02:31]} 16. b3 {[%emt 0:00:39]} Nc6 {[%emt 0:03:41]} 17. Rfe1 {[%emt 0:06:55]} Ng4 {[%emt 0:00:34]} 18. Bd4 {[%emt 0:12:43]} Nxd4 {[%emt 0:03:27]} 19. Nxd4 {[%emt 0:00:05]} Bxd4 {[%emt 0:00:20]} 20. Rxd4 {[%emt 0:00:06]} Ne5 {[%emt 0:00:14]} 21. Be4 {[%emt 0:01:14]} Qc7 {[%emt 0:00:45]} 22. Rd2 {[%emt 0:07:38]} Bxc4 {[%emt 0:05:44]} 23. Qe3 {[%emt 0:02:32]} Be6 {[%emt 0:02:41]} 24. Rc2 {[%emt 0:00:12]} Nc6 {[%emt 0:01:14]} 25. Nc3 {[%emt 0:06:28]} Nb4 {[%emt 0:03:51]} 26. Rcc1 {[%emt 0:00:16]} Qd7 {[%emt 0:01:38]} 27. Bb1 {[%emt 0:10:58]} Rc8 {[%emt 0:01:25]} 28. Qd4 {[%emt 0:03:14]} Nc6 {[%emt 0:00:58]} 29. Qh4 {[%emt 0:01:46]} Ne5 {[%emt 0:01:29]} 30. Ne4 {[%emt 0:01:20]} Rxc1 {[%emt 0:00:45]} 31. Rxc1 {[%emt 0:00:02]} Rc6 {[%emt 0:00:21]} 32. Re1 {[%emt 0:01:16]} f6 {[%emt 0:02:33]} 33. f4 {[%emt 0:02:04]} Nf7 {[%emt 0:00:23]} 34. Bd3 {[%emt 0:02:49]} Qc8 {[%emt 0:01:20]} 35. h3 {[%emt 0:05:08]} Rc1 {[%emt 0:01:23]} 36. Kh2 {[%emt 0:00:08]} Rxe1 {[%emt 0:00:29]} 37. Qxe1 {[%emt 0:00:05]} Bf5 {[%emt 0:00:28]} 38. Bc4 {[%emt 0:00:40]} Kg7 {[%emt 0:01:15]} 39. a4 {[%emt 0:07:32]} Qd7 {[%emt 0:01:53]} 40. Nc3 {[%emt 0:15:08]} e5 {[%emt 0:01:04]} 41. Qd2 {[%emt 0:00:46]} Be6 {[%emt 0:00:27]} 42. Nd5 {[%emt 0:02:08]} Bxd5 {[%emt 0:01:24]} 43. Bxd5 {[%emt 0:00:24]} Nd8 {[%emt 0:00:41]} 44. Bf3 {[%emt 0:03:00]} Nc6 {[%emt 0:00:36]} 45. fxe5 {[%emt 0:01:13]} fxe5 {[%emt 0:00:46]} 46. Qd5 {[%emt 0:02:30]} Nd4 {[%emt 0:00:29]} 47. a5 {[%emt 0:00:27]} Nxf3+ {[%emt 0:00:50]} 48. gxf3 {[%emt 0:00:05]} Qf7 {[%emt 0:12:04]} 49. Qxd6 {[%emt 0:00:16]} Qxf3 {[%emt 0:00:10]} 50. Qxe5+ {[%emt 0:01:37]} Kh6 {[%emt 0:00:05]} 51. Qb5 {[%emt 0:00:36]} Qf2+ {[%emt 0:00:23]} 1/2-1/2

[Event "68th Warsaw-ch-A 2019"]
[Site "Warsaw"]
[Date "2019.11.14"]
[Round "3.6"]
[White "Grochowski, Kosma"]
[Black "Wiech, Grzegorz"]
[Result "0-1"]
[WhiteElo "1920"]
[BlackElo "2219"]
[Annotator "RC"]
[PlyCount "136"]
[EventDate "2019.11.14"]
[EventType "swiss"]
[EventCountry "POL"]
[SourceTitle "playchess.com"]
[Source "ChessBase"]
[SourceQuality "1"]
[TimeControl "5400+30"]

1. e4 {[%emt 0:01:41]} c5 {[%emt 0:00:00]} 2. c3 {[%emt 0:00:03]} d5 {[%emt 0:00:00]} 3. exd5 {[%emt 0:00:02]} Nf6 {[%emt 0:00:03]} 4. Nf3 {[%emt 0:11:07]} Nxd5 {[%emt 0:00:10]} 5. d4 {[%emt 0:00:20]} e6 {[%emt 0:00:43]} 6. c4 {[%emt 0:03:22]} Nf6 {[%emt 0:03:07]} 7. Nc3 {[%emt 0:01:21]} Be7 {[%emt 0:07:05]} 8. Be2 {[%emt 0:03:35]} O-O {[%emt 0:00:33]} 9. O-O {[%emt 0:01:07]} cxd4 {[%emt 0:22:56]} 10. Nxd4 {[%emt 0:00:09]} Bd7 {[%emt 0:00:08]} 11. Bf3 {[%emt 0:10:14]} Qc8 {[%emt 0:07:22]} 12. Be3 {[%emt 0:01:33]} Nc6 {[%emt 0:01:12]} 13. Nxc6 {[%emt 0:11:24]} Bxc6 {[%emt 0:00:10]} 14. Bxc6 {[%emt 0:00:02]} Qxc6 {[%emt 0:00:11]} 15. Qe2 {[%emt 0:00:05]} Rac8 {[%emt 0:02:08]} 16. b3 {[%emt 0:02:14]} a6 {[%emt 0:00:32]} 17. Rac1 {[%emt 0:01:36]} Rfd8 {[%emt 0:00:58]} 18. Rfd1 {[%emt 0:07:29]} Rxd1+ {[%emt 0:06:36]} 19. Qxd1 {[%emt 0:00:41]} Rd8 {[%emt 0:00:21]} 20. Qe2 {[%emt 0:00:59]} Ne4 {[%emt 0:04:00]} 21. h3 {[%emt 0:07:51]} f5 {[%emt 0:01:56]} 22. Qc2 {[%emt 0:04:47]} Nxc3 {[%emt 0:05:31]} 23. Qxc3 {[%emt 0:00:03]} Qe4 {[%emt 0:00:51]} 24. Qe1 {[%emt 0:10:22]} Kf7 {[%emt 0:03:13]} 25. Kf1 {[%emt 0:00:44]} Rd3 {[%emt 0:09:16]} 26. Qe2 {[%emt 0:05:21]} g6 {[%emt 0:01:53]} 27. Rd1 {[%emt 0:00:40]} Rxd1+ {[%emt 0:00:55]} 28. Qxd1 {[%emt 0:00:01]} f4 {[%emt 0:00:31]} 29. Bd4 {[%emt 0:01:45]} Bf6 {[%emt 0:07:41]} 30. Bxf6 {[%emt 0:04:33]} Kxf6 {[%emt 0:00:08]} 31. Qd8+ {[%emt 0:00:32]} Ke5 {[%emt 0:00:37]} 32. Qh8+ {[%emt 0:00:30]} Kd6 {[%emt 0:00:12]} 33. Qf8+ {[%emt 0:00:50]} Kc6 {[%emt 0:00:35]} 34. Qc8+ {[%emt 0:00:03]} Kb6 {[%emt 0:00:41]} 35. Qd8+ {[%emt 0:00:26]} Kc5 {[%emt 0:01:52]} 36. Qd2 {[%emt 0:05:29]} Qd4 {[%emt 0:02:53]} 37. Qa5+ {[%emt 0:00:46]} Kc6 {[%emt 0:00:15]} 38. Ke2 {[%emt 0:01:00]} e5 {[%emt 0:00:54]} 39. Qd2 {[%emt 0:01:13]} Qe4+ {[%emt 0:06:49]} 40. Kf1 {[%emt 0:00:02]} Kb6 {[%emt 0:01:39]} 41. Qd6+ {[%emt 0:01:01]} Ka7 {[%emt 0:00:33]} 42. Qc5+ {[%emt 0:00:25]} Kb8 {[%emt 0:00:14]} 43. Qd6+ {[%emt 0:00:45]} Kc8 {[%emt 0:00:08]} 44. Qd1 {[%emt 0:00:57]} Qf5 {[%emt 0:00:26]} 45. Qd2 {[%emt 0:02:27]} e4 {[%emt 0:01:30]} 46. Qd4 {[%emt 0:00:20]} h5 {[%emt 0:00:33]} 47. a4 {[%emt 0:01:01]} f3 {[%emt 0:00:42]} 48. Qd5 {[%emt 0:00:30]} Qxd5 {[%emt 0:00:13]} 49. cxd5 {[%emt 0:00:02]} Kd7 {[%emt 0:00:19]} 50. gxf3 {[%emt 0:00:58]} exf3 {[%emt 0:00:09]} 51. Ke1 {[%emt 0:00:16]} Kd6 {[%emt 0:01:10]} 52. Kd2 {[%emt 0:00:21]} Kxd5 {[%emt 0:00:10]} 53. Ke3 {[%emt 0:00:10]} Kc5 {[%emt 0:00:13]} 54. Kxf3 {[%emt 0:00:35]} Kb4 {[%emt 0:00:08]} 55. Kf4 {[%emt 0:00:17]} Kxb3 {[%emt 0:00:14]} 56. a5 {[%emt 0:00:05]} Kb4 {[%emt 0:00:18]} 57. Kg5 {[%emt 0:00:03]} Kxa5 {[%emt 0:00:17]} 58. Kxg6 {[%emt 0:00:13]} b5 {[%emt 0:00:09]} 59. f4 {[%emt 0:00:28]} b4 {[%emt 0:00:14]} 60. f5 {[%emt 0:00:05]} b3 {[%emt 0:00:08]} 61. f6 {[%emt 0:00:04]} b2 {[%emt 0:00:13]} 62. f7 {[%emt 0:00:30]} b1=Q+ {[%emt 0:00:10]} 63. Kg7 {[%emt 0:00:11]} Qg1+ {[%emt 0:01:02]} 64. Kh8 {[%emt 0:00:16]} Qf2 {[%emt 0:00:19]} 65. Kg8 {[%emt 0:00:13]} Qg3+ {[%emt 0:00:15]} 66. Kh8 {[%emt 0:00:02]} Qf4 {[%emt 0:00:14]} 67. h4 {[%emt 0:00:24]} Kb6 {[%emt 0:02:42]} 68. Kg8 {[%emt 0:00:08]} a5 {[%emt 0:00:09]} 0-1

[Event "68th Warsaw-ch-A 2019"]
[Site "Warsaw"]
[Date "2019.11.14"]
[Round "3.7"]
[White "Goslawski, Michal"]
[Black "Derylo, Kamil"]
[Result "1-0"]
[WhiteElo "2155"]
[BlackElo "1969"]
[Annotator "NA"]
[PlyCount "79"]
[EventDate "2019.11.14"]
[EventType "swiss"]
[EventCountry "POL"]
[SourceTitle "playchess.com"]
[Source "ChessBase"]
[SourceQuality "1"]
[TimeControl "5400+30"]

1. Nf3 {[%emt 0:00:00]} Nf6 {[%emt 0:00:00]} 2. c4 {[%emt 0:00:00]} e6 {[%emt 0:00:00]} 3. Nc3 {[%emt 0:00:00]} d5 {[%emt 0:00:01]} 4. e3 {[%emt 0:00:00]} c5 {[%emt 0:03:54]} 5. cxd5 {[%emt 0:00:00]} Nxd5 {[%emt 0:01:44]} 6. Nxd5 {[%emt 0:00:08]} exd5 {[%emt 0:02:01]} 7. d4 {[%emt 0:01:30]} Nc6 {[%emt 0:01:10]} 8. Be2 {[%emt 0:01:25]} Bd6 {[%emt 0:03:20]} 9. b3 {[%emt 0:01:51]} O-O {[%emt 0:01:11]} 10. O-O {[%emt 0:04:56]} cxd4 {[%emt 0:02:17]} 11. Nxd4 {[%emt 0:00:30]} Be5 {[%emt 0:06:42]} 12. Bb2 {[%emt 0:06:44]} Qf6 {[%emt 0:02:47]} 13. Rc1 {[%emt 0:01:38]} Nxd4 {[%emt 0:09:12]} 14. Bxd4 {[%emt 0:00:23]} Bxd4 {[%emt 0:00:06]} 15. Qxd4 {[%emt 0:00:07]} Qxd4 {[%emt 0:01:08]} 16. exd4 {[%emt 0:00:07]} Be6 {[%emt 0:01:29]} 17. Rc7 {[%emt 0:02:30]} Rfc8 {[%emt 0:02:38]} 18. Rfc1 {[%emt 0:11:19]} Rxc7 {[%emt 0:02:55]} 19. Rxc7 {[%emt 0:00:07]} Rc8 {[%emt 0:00:36]} 20. Rxb7 {[%emt 0:00:51]} Rc1+ {[%emt 0:01:04]} 21. Bf1 {[%emt 0:00:08]} g6 {[%emt 0:01:23]} 22. g4 {[%emt 0:00:39]} Bxg4 {[%emt 0:01:32]} 23. Kg2 {[%emt 0:00:17]} Rc3 {[%emt 0:02:04]} 24. f3 {[%emt 0:12:26]} Bxf3+ {[%emt 0:00:10]} 25. Kf2 {[%emt 0:00:03]} a5 {[%emt 0:01:08]} 26. Ra7 {[%emt 0:00:26]} h5 {[%emt 0:02:04]} 27. Rxa5 {[%emt 0:04:10]} Be4 {[%emt 0:01:29]} 28. Rc5 {[%emt 0:06:14]} Rf3+ {[%emt 0:05:37]} 29. Ke1 {[%emt 0:00:19]} Re3+ {[%emt 0:01:27]} 30. Kf2 {[%emt 0:01:24]} Rf3+ {[%emt 0:00:09]} 31. Ke1 {[%emt 0:00:04]} h4 {[%emt 0:04:53]} 32. b4 {[%emt 0:04:37]} Ra3 {[%emt 0:04:54]} 33. b5 {[%emt 0:07:46]} Rxa2 {[%emt 0:06:42]} 34. b6 {[%emt 0:01:41]} Ra1+ {[%emt 0:01:14]} 35. Kf2 {[%emt 0:00:34]} Ra2+ {[%emt 0:00:56]} 36. Kg1 {[%emt 0:01:31]} Ra1 {[%emt 0:00:59]} 37. b7 {[%emt 0:00:57]} Rb1 {[%emt 0:01:17]} 38. Rb5 {[%emt 0:01:38]} Rxf1+ {[%emt 0:00:10]} 39. Kxf1 {[%emt 0:00:04]} Bd3+ {[%emt 0:00:05]} 40. Kf2 {[%emt 0:00:07]} 1-0

[Event "68th Warsaw-ch-A 2019"]
[Site "Warsaw"]
[Date "2019.11.14"]
[Round "3.8"]
[White "Sliwerski, Radoslaw"]
[Black "Janeczko, Jakub"]
[Result "1/2-1/2"]
[WhiteElo "2091"]
[BlackElo "1839"]
[Annotator "NA"]
[PlyCount "68"]
[EventDate "2019.11.14"]
[EventType "swiss"]
[EventCountry "POL"]
[SourceTitle "playchess.com"]
[Source "ChessBase"]
[SourceQuality "1"]
[TimeControl "5400+30"]

1. d4 {[%emt 0:00:00]} c5 {[%emt 0:09:25]} 2. d5 {[%emt 0:00:00]} g6 {[%emt 0:00:54]} 3. e4 {[%emt 0:00:48]} d6 {[%emt 0:00:08]} 4. Nf3 {[%emt 0:00:29]} Bg7 {[%emt 0:00:27]} 5. Be2 {[%emt 0:00:59]} Nd7 {[%emt 0:06:37]} 6. O-O {[%emt 0:00:19]} Ngf6 {[%emt 0:00:46]} 7. Nc3 {[%emt 0:00:06]} O-O {[%emt 0:00:06]} 8. Nd2 {[%emt 0:00:13]} a6 {[%emt 0:01:43]} 9. a4 {[%emt 0:00:04]} Re8 {[%emt 0:02:30]} 10. a5 {[%emt 0:00:27]} b5 {[%emt 0:06:13]} 11. axb6 {[%emt 0:00:45]} Nxb6 {[%emt 0:00:02]} 12. Nb3 {[%emt 0:02:09]} Qc7 {[%emt 0:05:26]} 13. Bf4 {[%emt 0:04:12]} Nfd7 {[%emt 0:02:06]} 14. Qd2 {[%emt 0:04:34]} Ne5 {[%emt 0:02:10]} 15. Na5 {[%emt 0:03:10]} Bd7 {[%emt 0:03:34]} 16. h3 {[%emt 0:03:09]} Bh8 {[%emt 0:03:28]} 17. Ra2 {[%emt 0:04:27]} e6 {[%emt 0:07:34]} 18. Be3 {[%emt 0:04:26]} exd5 {[%emt 0:04:01]} 19. exd5 {[%emt 0:03:18]} f5 {[%emt 0:05:26]} 20. Rfa1 {[%emt 0:02:28]} Ra7 {[%emt 0:03:39]} 21. Bf1 {[%emt 0:07:55]} Nf7 {[%emt 0:06:12]} 22. Nb3 {[%emt 0:01:42]} Bxc3 {[%emt 0:01:45]} 23. bxc3 {[%emt 0:01:37]} Ne5 {[%emt 0:02:40]} 24. Rxa6 {[%emt 0:04:23]} Rxa6 {[%emt 0:00:11]} 25. Rxa6 {[%emt 0:00:10]} Bc8 {[%emt 0:02:06]} 26. Ra1 {[%emt 0:02:04]} Bb7 {[%emt 0:00:41]} 27. Rd1 {[%emt 0:08:03]} Bxd5 {[%emt 0:03:11]} 28. c4 {[%emt 0:01:39]} Bf7 {[%emt 0:04:10]} 29. Bf4 {[%emt 0:13:40]} Nbxc4 {[%emt 0:02:10]} 30. Qc3 {[%emt 0:01:46]} Nb6 {[%emt 0:00:44]} 31. Bb5 {[%emt 0:04:40]} Rc8 {[%emt 0:01:42]} 32. Ba6 {[%emt 0:02:48]} Re8 {[%emt 0:00:57]} 33. Bb5 {[%emt 0:00:12]} Rc8 {[%emt 0:01:04]} 34. Ba6 {[%emt 0:00:06]} Re8 {[%emt 0:01:18]} 1/2-1/2

[Event "68th Warsaw-ch-A 2019"]
[Site "Warsaw"]
[Date "2019.11.14"]
[Round "3.9"]
[White "Praczukowski, Stanislaw"]
[Black "Korcz, Daniel"]
[Result "1-0"]
[WhiteElo "2069"]
[BlackElo "1807"]
[Annotator "NA RC"]
[PlyCount "61"]
[EventDate "2019.11.14"]
[EventType "swiss"]
[EventCountry "POL"]
[SourceTitle "playchess.com"]
[Source "ChessBase"]
[SourceQuality "1"]
[TimeControl "5400+30"]

1. e4 {[%emt 0:00:15]} e5 {[%emt 0:01:48]} 2. Nf3 {[%emt 0:01:48]} Nc6 {[%emt 0:00:01]} 3. Bb5 {[%emt 0:00:25]} f5 {[%emt 0:01:30]} 4. Nc3 {[%emt 0:00:30]} fxe4 {[%emt 0:01:20]} 5. Nxe4 {[%emt 0:00:31]} Nf6 {[%emt 0:00:10]} 6. Nxf6+ {[%emt 0:00:47]} Qxf6 {[%emt 0:00:40]} 7. Qe2 {[%emt 0:00:46]} Be7 {[%emt 0:01:11]} 8. Bxc6 {[%emt 0:00:25]} bxc6 {[%emt 0:02:14]} 9. Qxe5 {[%emt 0:05:36]} O-O {[%emt 0:00:22]} 10. Qxf6 {[%emt 0:03:05]} Bxf6 {[%emt 0:00:02]} 11. d4 {[%emt 0:02:04]} Ba6 {[%emt 0:05:09]} 12. Be3 {[%emt 0:05:03]} Rab8 {[%emt 0:05:02]} 13. Rb1 {[%emt 0:16:59]} c5 {[%emt 0:09:01]} 14. Kd2 {[%emt 0:10:42]} cxd4 {[%emt 0:04:20]} 15. Nxd4 {[%emt 0:01:20]} c5 {[%emt 0:02:37]} 16. Nb3 {[%emt 0:03:33]} d6 {[%emt 0:06:37]} 17. Rhe1 {[%emt 0:09:18]} Bc4 {[%emt 0:10:41]} 18. c3 {[%emt 0:09:42]} a5 {[%emt 0:10:02]} 19. Nc1 {[%emt 0:07:00]} a4 {[%emt 0:03:20]} 20. b3 {[%emt 0:03:49]} Rb7 {[%emt 0:03:15]} 21. b4 {[%emt 0:06:08]} a3 {[%emt 0:02:23]} 22. g4 {[%emt 0:09:11]} Rfb8 {[%emt 0:13:23]} 23. g5 {[%emt 0:00:06]} cxb4 {[%emt 0:00:29]} 24. gxf6 {[%emt 0:00:14]} bxc3+ {[%emt 0:04:13]} 25. Kxc3 {[%emt 0:00:03]} Rxb1 {[%emt 0:00:30]} 26. Kxc4 {[%emt 0:00:09]} Rc8+ {[%emt 0:01:55]} 27. Kd5 {[%emt 0:00:33]} gxf6 {[%emt 0:01:21]} 28. Ke6 {[%emt 0:00:58]} h5 {[%emt 0:08:15]} 29. Rg1+ {[%emt 0:00:16]} Kh7 {[%emt 0:00:24]} 30. Kxf6 {[%emt 0:00:50]} d5 {[%emt 0:02:06]} 31. Ke5 {[%emt 0:01:07]} 1-0